Dictionnaire encyclopédique d'agrométéorologie: (Record no. 61085)
[ view plain ]
| 000 -LEADER | |
|---|---|
| fixed length control field | 00770nam a22002297a 4500 |
| 008 - FIXED-LENGTH DATA ELEMENTS--GENERAL INFORMATION | |
| fixed length control field | 201023b ||||| |||| 00| 0 fre d |
| 020 ## - INTERNATIONAL STANDARD BOOK NUMBER | |
| International Standard Book Number | 2-7380-0214-5 |
| 040 ## - CATALOGING SOURCE | |
| Original cataloging agency | BUAC |
| Transcribing agency | BEPAC |
| 041 ## - LANGUAGE CODE | |
| Language code of text/sound track or separate title | fre |
| 100 ## - MAIN ENTRY--PERSONAL NAME | |
| Personal name | de Parcevaux, S. |
| 245 ## - TITLE STATEMENT | |
| Title | Dictionnaire encyclopédique d'agrométéorologie: |
| Remainder of title | français-anglais-espagnol |
| Statement of responsibility, etc | /S. de Parcevaux, D. Payen, P. Brochet |
| 260 ## - PUBLICATION, DISTRIBUTION, ETC. (IMPRINT) | |
| Place of publication, distribution, etc | Paris: |
| Name of publisher, distributor, etc | CILF: INRA: MÉTÉOFRANCE, |
| Date of publication, distribution, etc | DL 1990 |
| 300 ## - PHYSICAL DESCRIPTION | |
| Extent | 323p. |
| Other physical details | ill., couv. ill. en coul.; |
| Dimensions | 24 cm |
| 500 ## - GENERAL NOTE | |
| General note | Bibliogr. pp. (315-318)<br/>Index: pp. (261-312) |
| 650 ## - SUBJECT ADDED ENTRY--TOPICAL TERM | |
| Topical term or geographic name as entry element | Dictionnaire encyclopédique d'agrométéorologie |
| 700 ## - ADDED ENTRY--PERSONAL NAME | |
| Personal name | Payen, D. |
| 700 ## - ADDED ENTRY--PERSONAL NAME | |
| Personal name | Brochet , P. |
| 700 ## - ADDED ENTRY--PERSONAL NAME | |
| Personal name | Samie, Ch. |
| 700 ## - ADDED ENTRY--PERSONAL NAME | |
| Personal name | Hallaire, M. |
| 700 ## - ADDED ENTRY--PERSONAL NAME | |
| Personal name | Mériaux, S. |
| 942 ## - ADDED ENTRY ELEMENTS (KOHA) | |
| Source of classification or shelving scheme | Dewey Decimal Classification |
| Item type | Livre |
| Withdrawn status | Lost status | Source of classification or shelving scheme | Damaged status | Not for loan | Location (home branch) | Sublocation or collection (holding branch) | Shelving location | Date acquired | Source of acquisition | Coded location qualifier | Koha issues (times borrowed) | Koha full call number | Piece designation (barcode) | Koha date last seen | Copy number | Price effective from | Koha item type |
|---|---|---|---|---|---|---|---|---|---|---|---|---|---|---|---|---|---|
| Dewey Decimal Classification | Bibliothèque Ecole Polytechnique d'Abomey-Calavi | Bibliothèque Ecole Polytechnique d'Abomey-Calavi | 23/10/2020 | Don | 41717 | 631(03) AGR | 41717EPAC | 23/10/2020 | 01 | 23/10/2020 | Livre |